000 01142nji a22002657a 4500
005 2010091501561.0
006 a|||||r|||||00| 0
007 sd ammalaaahaa
008 100830t xxu||||| |||| 00| 0 eng d
028 _aECLP2276
_bEMI
035 _aGR-02688
040 _aSED
_cSED
100 _917455
_aJoshi, Bhimsen
245 _aRaga-Malkauns /
_cby Bhimsen Joshi
_h[sound recording] :
246 _aराग-मालकौंस / भीमसेन जोशी द्वारा
260 _aDum Dum, India
_bEMI
_c1962
300 _a1 sound disc [Gramophone Recording]:
_banalog, 33 1/3 rpm
_c12.5 in. (LP)
_fGramophone Record
500 _aBrief Record
500 _aRecord labels : EMI, Red
505 _aSide-1 पग लगन दे-बिलाम्पत (Pag lagan de-Bilampat) (Bhimsen Joshi) Side-2 रसिया हो न- बिलाम्पत (Rasiya ho na- Bilampat) (Raga-Murubihag) (Bhimsen Joshi)
600 _aJoshi, Bhimsen
_919590
650 _aClassical Music
_zIndia
_91186
_xExcerpts
942 _2ddc
_cGR
999 _c45892
_d45892